<?xml version="1.0" encoding="UTF-8"?>
<record
    xmlns:xsi="http://www.w3.org/2001/XMLSchema-instance"
    xsi:schemaLocation="http://www.loc.gov/MARC21/slim http://www.loc.gov/standards/marcxml/schema/MARC21slim.xsd"
    xmlns="http://www.loc.gov/MARC21/slim">

  <leader>00557nam a22001697a 4500</leader>
  <controlfield tag="005">20260309094131.0</controlfield>
  <controlfield tag="008">260309b        |||||||| |||| 00| 0 eng d</controlfield>
  <datafield tag="020" ind1=" " ind2=" ">
    <subfield code="a">978-178583328-1</subfield>
  </datafield>
  <datafield tag="100" ind1=" " ind2=" ">
    <subfield code="a">HALLIGAN, ELAINE</subfield>
  </datafield>
  <datafield tag="245" ind1=" " ind2=" ">
    <subfield code="a">MY CHILD IS DIFFERENT</subfield>
    <subfield code="b">THE LESSONS LEARNED FROM ONE FAMILY'S STRUGGLE TO UNLOCK THEIR SON'S POTENTIAL</subfield>
  </datafield>
  <datafield tag="260" ind1=" " ind2=" ">
    <subfield code="a">WALES</subfield>
    <subfield code="b">CROWN HOUSE PUBLISHING</subfield>
    <subfield code="c">2018</subfield>
  </datafield>
  <datafield tag="300" ind1=" " ind2=" ">
    <subfield code="a">XI,  176P.</subfield>
  </datafield>
  <datafield tag="500" ind1=" " ind2=" ">
    <subfield code="a">INCLUDES INDEX</subfield>
  </datafield>
  <datafield tag="650" ind1=" " ind2=" ">
    <subfield code="a">1. PARENTING 2. CHILDREN WITH DISABILITIES - EDUCATION</subfield>
  </datafield>
  <datafield tag="700" ind1=" " ind2=" ">
    <subfield code="a">HOOD, MELISSA</subfield>
  </datafield>
  <datafield tag="942" ind1=" " ind2=" ">
    <subfield code="2">lcc</subfield>
    <subfield code="c">BK</subfield>
  </datafield>
  <datafield tag="999" ind1=" " ind2=" ">
    <subfield code="c">216808</subfield>
    <subfield code="d">216808</subfield>
  </datafield>
  <datafield tag="952" ind1=" " ind2=" ">
    <subfield code="0">0</subfield>
    <subfield code="1">0</subfield>
    <subfield code="2">lcc</subfield>
    <subfield code="4">0</subfield>
    <subfield code="6">HQ0773 H35  02018</subfield>
    <subfield code="7">0</subfield>
    <subfield code="8">ARTS</subfield>
    <subfield code="9">376235</subfield>
    <subfield code="a">KSUL</subfield>
    <subfield code="b">KSUL</subfield>
    <subfield code="c">DISPLAY</subfield>
    <subfield code="d">2026-03-09</subfield>
    <subfield code="i">111659</subfield>
    <subfield code="l">0</subfield>
    <subfield code="o">HQ 773 .H35 2018</subfield>
    <subfield code="p">A000482</subfield>
    <subfield code="r">2026-03-09 09:42:00</subfield>
    <subfield code="t">1</subfield>
    <subfield code="w">2026-03-09</subfield>
    <subfield code="y">BK</subfield>
  </datafield>
  <datafield tag="952" ind1=" " ind2=" ">
    <subfield code="0">0</subfield>
    <subfield code="1">0</subfield>
    <subfield code="2">lcc</subfield>
    <subfield code="4">0</subfield>
    <subfield code="6">HQ0773 H35  02018</subfield>
    <subfield code="7">0</subfield>
    <subfield code="8">ARTS</subfield>
    <subfield code="9">376236</subfield>
    <subfield code="a">KSUL</subfield>
    <subfield code="b">KSUL</subfield>
    <subfield code="c">DISPLAY</subfield>
    <subfield code="d">2026-03-09</subfield>
    <subfield code="i">111660</subfield>
    <subfield code="l">0</subfield>
    <subfield code="o">HQ 773 .H35 2018</subfield>
    <subfield code="p">A000484</subfield>
    <subfield code="r">2026-03-09 09:42:00</subfield>
    <subfield code="t">2</subfield>
    <subfield code="w">2026-03-09</subfield>
    <subfield code="y">BK</subfield>
  </datafield>
  <datafield tag="952" ind1=" " ind2=" ">
    <subfield code="0">0</subfield>
    <subfield code="1">0</subfield>
    <subfield code="2">lcc</subfield>
    <subfield code="4">0</subfield>
    <subfield code="6">HQ0773 H35  02018</subfield>
    <subfield code="7">0</subfield>
    <subfield code="8">ARTS</subfield>
    <subfield code="9">376237</subfield>
    <subfield code="a">KSUL</subfield>
    <subfield code="b">KSUL</subfield>
    <subfield code="c">DISPLAY</subfield>
    <subfield code="d">2026-03-09</subfield>
    <subfield code="i">111661</subfield>
    <subfield code="l">0</subfield>
    <subfield code="o">HQ 773 .H35 2018</subfield>
    <subfield code="p">A000471</subfield>
    <subfield code="r">2026-03-09 09:42:00</subfield>
    <subfield code="t">3</subfield>
    <subfield code="w">2026-03-09</subfield>
    <subfield code="y">BK</subfield>
  </datafield>
  <datafield tag="952" ind1=" " ind2=" ">
    <subfield code="0">0</subfield>
    <subfield code="1">0</subfield>
    <subfield code="2">lcc</subfield>
    <subfield code="4">0</subfield>
    <subfield code="6">HQ0773 H35  02018</subfield>
    <subfield code="7">0</subfield>
    <subfield code="8">ARTS</subfield>
    <subfield code="9">376238</subfield>
    <subfield code="a">KSUL</subfield>
    <subfield code="b">KSUL</subfield>
    <subfield code="c">DISPLAY</subfield>
    <subfield code="d">2026-03-09</subfield>
    <subfield code="i">111662</subfield>
    <subfield code="l">0</subfield>
    <subfield code="o">HQ 773 .H35 2018</subfield>
    <subfield code="p">A000483</subfield>
    <subfield code="r">2026-03-09 09:42:00</subfield>
    <subfield code="t">4</subfield>
    <subfield code="w">2026-03-09</subfield>
    <subfield code="y">BK</subfield>
  </datafield>
  <datafield tag="952" ind1=" " ind2=" ">
    <subfield code="0">0</subfield>
    <subfield code="1">0</subfield>
    <subfield code="2">lcc</subfield>
    <subfield code="4">0</subfield>
    <subfield code="6">HQ0773 H35  02018</subfield>
    <subfield code="7">0</subfield>
    <subfield code="8">ARTS</subfield>
    <subfield code="9">376239</subfield>
    <subfield code="a">KSUL</subfield>
    <subfield code="b">KSUL</subfield>
    <subfield code="c">DISPLAY</subfield>
    <subfield code="d">2026-03-09</subfield>
    <subfield code="i">111663</subfield>
    <subfield code="l">0</subfield>
    <subfield code="o">HQ 773 .H35 2018</subfield>
    <subfield code="p">A000486</subfield>
    <subfield code="r">2026-03-09 09:42:00</subfield>
    <subfield code="t">5</subfield>
    <subfield code="w">2026-03-09</subfield>
    <subfield code="y">BK</subfield>
  </datafield>
</record>
